Fables, contes et nouvelles / (Record no. 88033)

MARC details
000 -LEADER
campo de control de longitud fija 00882nam a2200241 i 4500
001 - NÚMERO DE CONTROL
campo de control 88033
003 - IDENTIFICADOR DE NÚMERO DE CONTROL
campo de control ES-MaACL
005 - FECHA Y HORA DE LA ÚLTIMA TRANSACCIÓN
campo de control 20251015063108.0
007 - CAMPO FIJO DE DESCRIPCIÓN FÍSICA--INFORMACIÓN GENERAL
campo de control de longitud fija t|
008 - DATOS DE LONGITUD FIJA--INFORMACIÓN GENERAL
campo de control de longitud fija 041230s1932 fr ||||1| fre d
100 1# - ENTRADA PRINCIPAL--NOMBRE DE PERSONA
Nombre de persona La Fontaine, Jean de,
Fechas asociadas al nombre 1621-1695
9 (RLIN) 69147
245 10 - MENCIÓN DEL TÍTULO
Título Fables, contes et nouvelles /
Mención de responsabilidad, etc. Jean de La Fontaine ; texte établi et annoté par Edmond Pilon, Renè Groos (fables) et par Jacques Schiffrin (contes).
260 ## - PUBLICACIÓN, DISTRIBUCIÓN, ETC.
Lugar de publicación, distribución, etc. Paris :
Nombre del editor, distribuidor, etc. La Pleiade,
Fecha de publicación, distribución, etc. 1932 (
Lugar de fabricación/manufactura Coulommiers)
300 ## - DESCRIPCIÓN FÍSICA
Extensión X, 751 p. ;
Dimensiones 18 cm.
490 1# - MENCIÓN DE SERIE
Mención de serie Bibliothèque reliée de la Pléiade ;
Designación de volumen o secuencia 10
700 1# - ENTRADA AGREGADA--NOMBRE PERSONAL
Nombre de persona Pilon, Edmond,
Fechas asociadas al nombre 1874-1945
9 (RLIN) 92042
700 1# - ENTRADA AGREGADA--NOMBRE PERSONAL
Nombre de persona Groos, René.
9 (RLIN) 60137
700 1# - ENTRADA AGREGADA--NOMBRE PERSONAL
Nombre de persona Schiffrin, Jacques.
9 (RLIN) 104349
830 0# - PUNTO DE ACCESO ADICIONAL DE SERIE-TÍTULO UNIFORME
Título uniforme Bibliothèque reliée de la Pléiade ;
Designación de volumen o secuencia 10
9 (RLIN) 231814
852 ## - LOCALIZACIÓN
Ubicación ES-MaACL
Número de control de estantería A-2903
852 ## - LOCALIZACIÓN
Ubicación ES-MaACL
Número de control de estantería B-8427
Holdings
Estatus retirado Estado de pérdida Estado de daño No para préstamo Biblioteca de origen Biblioteca actual Ubicación en estantería Fecha de adquisición Fuente de adquisición Total de préstamos Signatura topográfica completa Código de barras Visto por última vez Precio de reemplazo Tipo de ítem Koha
        Biblioteca del Ateneo de Madrid Biblioteca del Ateneo de Madrid Sala Pardo Bazán 11/05/2015     B-8427 1193778 23/02/2023 23/02/2023 Libro impreso
        Biblioteca del Ateneo de Madrid Biblioteca del Ateneo de Madrid Sala Pecera Planta 1 17/01/2008     A-2903 1091958 23/02/2023 23/02/2023 Libro impreso